[Event "2FoglarVeterans_SIM_A"]
[Site "?"]
[Date "2006.??.??"]
[Round "?"]
[White "Woznica, Miroslaw"]
[Black "Strnad, Jiri"]
[Result "1/2-1/2"]
[WhiteElo "2330"]
[BlackElo "2303"]
[PlyCount "46"]
[EventDate "2006.??.??"]
[EventType "corr"]
[EventRounds "1"]
[SourceDate "2007.05.16"]

1. e4 c5 2. Nf3 d6 3. d4 cxd4 4. Nxd4 Nf6 5. Nc3 a6 6. Be3 Ng4 7. Bc1 Nf6 8.
Be3 e5 9. Nb3 Be6 10. Qd2 Nbd7 11. f3 Be7 12. g4 O-O 13. O-O-O b5 14. g5 b4 15.
Ne2 Ne8 16. f4 a5 17. f5 a4 18. fxe6 axb3 19. exf7+ Rxf7 20. cxb3 Rxa2 21. Ng3
Rxf1 22. Rhxf1 Ra1+ 23. Kc2 Qc8+ 1/2-1/2

[Event "2FoglarVeterans_SIM_A"]
[Site "?"]
[Date "2006.??.??"]
[Round "?"]
[White "Staniszewski, Jerzy"]
[Black "Strnad, Jiri"]
[Result "1/2-1/2"]
[WhiteElo "2323"]
[BlackElo "2303"]
[PlyCount "59"]
[EventDate "2006.??.??"]
[EventType "corr"]
[EventRounds "1"]
[SourceDate "2007.05.16"]

1. e4 c5 2. Nc3 Nc6 3. Nf3 Nf6 4. Bb5 e5 5. Bxc6 dxc6 6. Nxe5 Nxe4 7. Nxe4 Qd5
8. Qe2 Qxe5 9. f4 Qxf4 10. d4 Qh4+ 11. g3 Qe7 12. O-O f5 13. Nd6+ Kd7 14. Qxe7+
Bxe7 15. dxc5 Bxd6 16. Rd1 Re8 17. Rxd6+ Ke7 18. Bf4 Kf7 19. Rad1 h6 20. b3 Be6
21. c4 g5 22. Bc1 Re7 23. Re1 Rae8 24. Kf2 Rg8 25. a4 a6 26. h4 Kf6 27. Bb2+
Kf7 28. h5 Rf8 29. Re3 Rg8 30. Bc3 1/2-1/2

[Event "2FoglarVeterans_SIM_A"]
[Site "?"]
[Date "2006.??.??"]
[Round "?"]
[White "Majstr, Jiri"]
[Black "Strnad, Jiri"]
[Result "0-1"]
[WhiteElo "2356"]
[BlackElo "2303"]
[PlyCount "84"]
[EventDate "2006.??.??"]
[EventType "corr"]
[EventRounds "1"]
[SourceDate "2007.05.16"]

1. e4 e6 2. d4 d5 3. Nd2 Nf6 4. e5 Nfd7 5. Bd3 c5 6. Ngf3 cxd4 7. O-O Nc6 8.
Re1 Bb4 9. a3 Ba5 10. b4 Bc7 11. Bb5 O-O 12. Bxc6 bxc6 13. Nb3 f6 14. Nfxd4 Qe8
15. Qg4 Nxe5 16. Qg3 Bb6 17. Bf4 Ng6 18. Bd6 Rf7 19. f4 Qd8 20. f5 exf5 21. Nc5
Bd7 22. c4 dxc4 23. Rac1 f4 24. Bxf4 Nxf4 25. Qxf4 Bxc5 26. bxc5 Qa5 27. Qf1
Qxc5 28. Qxc4 Qxc4 29. Rxc4 Re8 30. Rxe8+ Bxe8 31. Nxc6 Rc7 32. Ne5 Rxc4 33.
Nxc4 g6 34. Kf2 Kf7 35. g4 Ke6 36. Ke3 g5 37. Kd4 h5 38. h3 h4 39. Ne3 Bc6 40.
Kd3 Ke5 41. Ke2 Be4 42. Kf2 Kd4 0-1

[Event "2FoglarVeterans_SIM_A"]
[Site "?"]
[Date "2006.??.??"]
[Round "?"]
[White "Novak, Vratislav"]
[Black "Strnad, Jiri"]
[Result "1-0"]
[WhiteElo "2287"]
[BlackElo "2303"]
[PlyCount "101"]
[EventDate "2006.??.??"]
[EventType "corr"]
[EventRounds "1"]
[SourceDate "2007.05.16"]

1. e4 e6 2. d4 d5 3. Nc3 Bb4 4. e5 c5 5. a3 Ba5 6. b4 cxd4 7. Nb5 Bc7 8. f4 Nh6
9. Nf3 Nc6 10. Bd3 O-O 11. Nxc7 Qxc7 12. O-O f6 13. Qe2 Nf5 14. Bxf5 exf5 15.
b5 Nd8 16. exf6 Rxf6 17. Nxd4 Bd7 18. Bb2 Ne6 19. Qd2 Qb6 20. a4 Nc5 21. a5 Qd6
22. Ba3 Ne4 23. Bxd6 Nxd2 24. Rfd1 Ne4 25. Be5 Rf7 26. a6 b6 27. Nc6 Nf6 28.
Bxf6 Bxc6 29. bxc6 Rxf6 30. Rxd5 Rxc6 31. Rd7 Rxc2 32. Re1 Rc6 33. Ree7 Rg6 34.
Rf7 Rd8 35. Rxg7+ Rxg7 36. Rxd8+ Kf7 37. Rd7+ Kf6 38. Rb7 h5 39. Kf2 h4 40. Kf3
Re7 41. g3 hxg3 42. Kxg3 Re3+ 43. Kf2 Rh3 44. Kg2 Ra3 45. Rxa7 b5 46. Kf2 Ra4
47. Ke3 Re4+ 48. Kf3 Ra4 49. Ra8 Ra3+ 50. Ke2 Kg7 51. a7 1-0

[Event "2FoglarVeterans_SIM_A"]
[Site "?"]
[Date "2006.??.??"]
[Round "?"]
[White "Fraser, Fred J."]
[Black "Strnad, Jiri"]
[Result "1/2-1/2"]
[WhiteElo "2340"]
[BlackElo "2303"]
[PlyCount "59"]
[EventDate "2006.??.??"]
[EventType "corr"]
[EventRounds "1"]
[SourceDate "2007.05.16"]

1. e4 e6 2. d4 d5 3. e5 c5 4. c3 Nc6 5. Nf3 Qb6 6. a3 Bd7 7. b4 cxd4 8. cxd4
Rc8 9. Bb2 Nge7 10. Nc3 Na5 11. Na4 Qc6 12. Nc5 Nc4 13. Qb3 b6 14. Nxd7 Qxd7
15. Bd3 b5 16. h4 Nc6 17. h5 a5 18. Bc3 a4 19. Qb1 f5 20. Qc1 Nd8 21. Qg5 Nf7
22. Qg3 Nxa3 23. Rxa3 Rxc3 24. Rxc3 Bxb4 25. O-O Bxc3 26. Qxg7 Rf8 27. Rc1 b4
28. Nd2 a3 29. Nb3 Nd8 30. Qh6 1/2-1/2

[Event "2FoglarVeterans_SIM_A"]
[Site "?"]
[Date "2006.??.??"]
[Round "?"]
[White "Staniszewski, Jerzy"]
[Black "Kriksciunas, Bronislavas"]
[Result "1-0"]
[WhiteElo "2323"]
[BlackElo "2307"]
[PlyCount "71"]
[EventDate "2006.??.??"]
[EventType "corr"]
[EventRounds "1"]
[SourceDate "2007.05.16"]

1. e4 c5 2. Nc3 Nc6 3. Nf3 e5 4. Bc4 d6 5. d3 Be7 6. O-O Nf6 7. Ng5 O-O 8. f4
Bg4 9. Qe1 exf4 10. Bxf4 Nd4 11. Qd2 Qd7 12. Be3 h6 13. Nf3 Nxf3+ 14. gxf3 Be6
15. Kh1 Kh7 16. Rae1 a6 17. Bxe6 fxe6 18. Qg2 Rf7 19. Rg1 Raf8 20. Ne2 Ng8 21.
f4 Bf6 22. c3 e5 23. f5 Qb5 24. Nc1 Ne7 25. c4 Qe8 26. Ne2 b5 27. Nc3 b4 28.
Nd5 Nxd5 29. cxd5 Rb7 30. Qh3 Rff7 31. Rg6 Qf8 32. Reg1 b3 33. a4 c4 34. dxc4
Rfc7 35. Qg4 Rxc4 36. Bxh6 1-0

[Event "2FoglarVeterans_SIM_A"]
[Site "?"]
[Date "2006.??.??"]
[Round "?"]
[White "Fraser, Fred J."]
[Black "Kuta, Jiri"]
[Result "1/2-1/2"]
[WhiteElo "2340"]
[BlackElo "2330"]
[PlyCount "70"]
[EventDate "2006.??.??"]
[EventType "corr"]
[EventRounds "1"]
[SourceDate "2007.05.16"]

1. e4 e5 2. f4 exf4 3. Nf3 g5 4. h4 g4 5. Ne5 d6 6. Nxg4 Nf6 7. Nxf6+ Qxf6 8.
Nc3 Nc6 9. Nd5 Qg6 10. d3 Qg3+ 11. Kd2 Nb4 12. Qf3 Qxf3 13. gxf3 Nxd5 14. exd5
Rg8 15. Kc3 Bh6 16. Bd2 b6 17. Re1+ Kf8 18. Re4 Bb7 19. Bxf4 Bxf4 20. Rxf4 Bxd5
21. Bh3 Re8 22. Bf5 Rg7 23. Be4 Re5 24. a3 Be6 25. d4 Rh5 26. Rd1 Ke7 27. b3
Rg3 28. Rh1 f5 29. Bc6 d5 30. b4 Rg2 31. Bb5 a5 32. Bc6 Kd6 33. Be8 Rh6 34. Bb5
axb4+ 35. axb4 Rhg6 1/2-1/2

[Event "2FoglarVeterans_SIM_A"]
[Site "?"]
[Date "2006.??.??"]
[Round "?"]
[White "Kuta, Jiri"]
[Black "Christiansen, Tonny"]
[Result "1/2-1/2"]
[WhiteElo "2330"]
[BlackElo "2342"]
[PlyCount "58"]
[EventDate "2006.??.??"]
[EventType "corr"]
[EventRounds "1"]
[SourceDate "2007.05.16"]

1. d4 d5 2. c4 c6 3. Nf3 Nf6 4. Nc3 e6 5. e3 Nbd7 6. Qc2 Bd6 7. Be2 O-O 8. O-O
dxc4 9. Bxc4 b5 10. Be2 Bb7 11. Rd1 Qc7 12. Bd2 a6 13. b4 e5 14. h3 exd4 15.
exd4 Rfe8 16. a3 a5 17. Bd3 axb4 18. axb4 Rxa1 19. Rxa1 h6 20. Rc1 Qb8 21. Qb1
Qa8 22. Rc2 Nb6 23. Ra2 Qb8 24. Ne4 Nxe4 25. Bxe4 Nd5 26. Bh7+ Kh8 27. Bd3 Re7
28. Bc2 Re8 29. Bd3 Re7 1/2-1/2

[Event "2FoglarVeterans_SIM_A"]
[Site "?"]
[Date "2006.??.??"]
[Round "?"]
[White "Kuta, Jiri"]
[Black "Janos, Jozef"]
[Result "1-0"]
[WhiteElo "2330"]
[BlackElo "2395"]
[PlyCount "73"]
[EventDate "2006.??.??"]
[EventType "corr"]
[EventRounds "1"]
[SourceDate "2007.05.16"]

1. d4 Nf6 2. c4 g6 3. Nc3 Bg7 4. e4 d6 5. f3 O-O 6. Be3 a6 7. Qd2 Nc6 8. Nge2
Rb8 9. h4 b5 10. h5 Na5 11. Ng3 Nxc4 12. Bxc4 bxc4 13. Bh6 e5 14. Bxg7 Kxg7 15.
O-O-O Qe7 16. h6+ Kg8 17. Nf1 Be6 18. d5 Bd7 19. Ne3 Rb4 20. Qf2 Rfb8 21. Rd2
a5 22. a3 Rb3 23. Nxc4 a4 24. Rc2 Ra8 25. Kb1 Rb7 26. g4 Be8 27. Qe3 Bb5 28.
Nxb5 Rxb5 29. Nd2 Rb7 30. Rhc1 Raa7 31. g5 Nh5 32. Rc4 Ra8 33. Rb4 Rxb4 34.
axb4 Nf4 35. b5 Rf8 36. Rc6 Rd8 37. Ka2 1-0

[Event "2FoglarVeterans_SIM_A"]
[Site "?"]
[Date "2006.??.??"]
[Round "?"]
[White "Kuta, Jiri"]
[Black "Kriksciunas, Bronislavas"]
[Result "1-0"]
[WhiteElo "2330"]
[BlackElo "2307"]
[PlyCount "107"]
[EventDate "2006.??.??"]
[EventType "corr"]
[EventRounds "1"]
[SourceDate "2007.05.16"]

1. d4 Nf6 2. c4 e6 3. Nf3 b6 4. a3 Bb7 5. Nc3 d5 6. cxd5 Nxd5 7. Qc2 Nxc3 8.
bxc3 Nd7 9. e4 c5 10. Bf4 cxd4 11. cxd4 Rc8 12. Qb1 Be7 13. Bd3 O-O 14. O-O Rc3
15. Rc1 Rxc1+ 16. Bxc1 e5 17. d5 f5 18. Bc4 Kh8 19. exf5 Nc5 20. Qc2 e4 21. Nd4
Bxd5 22. Be3 Bf6 23. Rd1 Bxc4 24. Qxc4 Qd7 25. g4 Rc8 26. Rc1 Re8 27. Qb5 Qf7
28. Ne2 Be7 29. Ng3 Kg8 30. Rd1 Kf8 31. g5 Rc8 32. Kg2 Kg8 33. h4 Bf8 34. a4 g6
35. f6 Qe6 36. a5 h5 37. gxh6 Rc7 38. Rd8 Rf7 39. axb6 axb6 40. Bd4 Rd7 41.
Rxf8+ Kxf8 42. Bxc5+ bxc5 43. Qb8+ Qe8 44. Qf4 e3 45. fxe3 Rh7 46. Ne4 Qc6 47.
Kf2 Qc7 48. Qxc7 Rxc7 49. Ng5 Rc6 50. Ke2 Rxf6 51. Nh7+ Kf7 52. Nxf6 Kxf6 53.
Kd3 Kf7 54. e4 1-0

[Event "2FoglarVeterans_SIM_A"]
[Site "?"]
[Date "2006.??.??"]
[Round "?"]
[White "Kuta, Jiri"]
[Black "Novak, Vratislav"]
[Result "1-0"]
[WhiteElo "2330"]
[BlackElo "2287"]
[PlyCount "79"]
[EventDate "2006.??.??"]
[EventType "corr"]
[EventRounds "1"]
[SourceDate "2007.05.16"]

1. d4 d5 2. c4 e6 3. Nc3 Nf6 4. cxd5 exd5 5. Bg5 Be7 6. e3 O-O 7. Bd3 Nbd7 8.
Nge2 Re8 9. Qc2 Nf8 10. O-O-O c6 11. h3 a5 12. g4 a4 13. Nxa4 h6 14. Bxf6 Bxf6
15. Kb1 Be7 16. b3 Qa5 17. Rdg1 Qb4 18. Nac3 Bh4 19. Rg2 Ra5 20. Bf5 Ne6 21.
Nc1 b6 22. Bh7+ Kh8 23. Nd3 Qd6 24. Ne5 Rf8 25. Bg6 Kg8 26. Bd3 Bb7 27. g5 hxg5
28. Nf3 c5 29. Nxh4 gxh4 30. Rhg1 cxd4 31. exd4 Rc8 32. Bf5 Rc7 33. Qc1 Qf4 34.
Rxg7+ Kf8 35. Rg8+ Ke7 36. Bxe6 Qxc1+ 37. Rxc1 Kxe6 38. Rg4 b5 39. Re1+ Kd7 40.
Kb2 1-0

[Event "2FoglarVeterans_SIM_A"]
[Site "?"]
[Date "2006.??.??"]
[Round "?"]
[White "Kuta, Jiri"]
[Black "Skalicky, Frantisek"]
[Result "1-0"]
[WhiteElo "2330"]
[BlackElo "2267"]
[PlyCount "81"]
[EventDate "2006.??.??"]
[EventType "corr"]
[EventRounds "1"]
[SourceDate "2007.05.16"]

1. d4 d5 2. c4 e6 3. Nc3 Bb4 4. a3 Bxc3+ 5. bxc3 Nf6 6. e3 O-O 7. cxd5 exd5 8.
Bd3 Re8 9. Ne2 c5 10. f3 b6 11. O-O Ba6 12. Ng3 Bxd3 13. Qxd3 Nbd7 14. Bd2 a6
15. a4 Ra7 16. Rfe1 Re6 17. Rab1 h6 18. Nf5 c4 19. Qc2 Qe8 20. Ng3 Nf8 21. e4
dxe4 22. fxe4 Ng6 23. Re2 Rae7 24. Nf5 Rc7 25. e5 Nd5 26. Nd6 Qd7 27. Rf1 Re7
28. Qe4 Nf6 29. Qa8+ Ne8 30. Nf5 Re6 31. Bxh6 Qc6 32. Qxc6 Rexc6 33. Bg5 Re6
34. Re3 Rd7 35. h4 Nf8 36. h5 Nh7 37. d5 Rxd5 38. Ne7+ Rxe7 39. Bxe7 f6 40.
exf6 Nexf6 41. h6 1-0

[Event "2FoglarVeterans_SIM_A"]
[Site "?"]
[Date "2006.??.??"]
[Round "?"]
[White "Kuta, Jiri"]
[Black "Vasile, Constantin"]
[Result "1/2-1/2"]
[WhiteElo "2330"]
[BlackElo "2129"]
[PlyCount "67"]
[EventDate "2006.??.??"]
[EventType "corr"]
[EventRounds "1"]
[SourceDate "2007.05.16"]

1. d4 Nf6 2. c4 g6 3. Nc3 Bg7 4. e4 d6 5. f3 O-O 6. Be3 Nc6 7. Nge2 a6 8. Qd2
Rb8 9. a3 Nd7 10. b4 Nb6 11. Qa2 e6 12. c5 dxc5 13. bxc5 Nd7 14. Rd1 b6 15.
cxb6 cxb6 16. d5 exd5 17. Nxd5 b5 18. Nef4 Qa5+ 19. Kf2 Re8 20. Be2 Bb7 21. Rd2
Nce5 22. Rhd1 Rbc8 23. Bd4 Bh6 24. Rb2 Qa4 25. Qb3 Qxb3 26. Rxb3 f5 27. a4 fxe4
28. axb5 exf3 29. gxf3 axb5 30. Bxb5 Bc6 31. Bxc6 Nxc6 32. Bc3 Nce5 33. Rb4 Rc6
34. h4 1/2-1/2

[Event "2FoglarVeterans_SIM_A"]
[Site "?"]
[Date "2006.??.??"]
[Round "?"]
[White "Majstr, Jiri"]
[Black "Kuta, Jiri"]
[Result "0-1"]
[WhiteElo "2356"]
[BlackElo "2330"]
[PlyCount "112"]
[EventDate "2006.??.??"]
[EventType "corr"]
[EventRounds "1"]
[SourceDate "2007.05.16"]

1. e4 c5 2. c3 Nf6 3. e5 Nd5 4. d4 cxd4 5. Nf3 Nc6 6. Bc4 Nb6 7. Bb3 d5 8. exd6
Qxd6 9. O-O Be6 10. Na3 dxc3 11. Nb5 Qxd1 12. Rxd1 Rc8 13. Bxe6 fxe6 14. Nxc3
h6 15. Re1 Kf7 16. Re4 g5 17. h4 gxh4 18. Rf4+ Ke8 19. Rxh4 Bg7 20. Bd2 Rd8 21.
Be3 Nd5 22. Bd2 Kf7 23. Re1 Bf6 24. Rh3 Nxc3 25. Bxc3 Rd5 26. Kf1 h5 27. Re4
Rg8 28. Re3 Rg4 29. a3 Rc4 30. Ne1 a6 31. Nc2 Rd1+ 32. Re1 Rd6 33. Nb4 Nxb4 34.
Bxb4 Rd5 35. Bc3 Rb5 36. Rf3 h4 37. Ree3 b6 38. Ke2 Rbc5 39. Kf1 Rg4 40. g3
hxg3 41. fxg3 Rc6 42. Ke2 Kg6 43. Be5 Rgc4 44. b4 Rc2+ 45. Kd1 Rc1+ 46. Kd2 Rg1
47. Re4 Rg2+ 48. Kd1 b5 49. Ree3 Ra2 50. Re4 Kg5 51. Re1 Rcc2 52. Rfe3 Kg4 53.
Bxf6 exf6 54. Re4+ Kh3 55. Rh4+ Kxg3 56. Rh6 f5 0-1

[Event "2FoglarVeterans_SIM_A"]
[Site "?"]
[Date "2006.??.??"]
[Round "?"]
[White "Woznica, Miroslaw"]
[Black "Kuta, Jiri"]
[Result "1/2-1/2"]
[WhiteElo "2330"]
[BlackElo "2330"]
[PlyCount "61"]
[EventDate "2006.??.??"]
[EventType "corr"]
[EventRounds "1"]
[SourceDate "2007.05.16"]

1. e4 c5 2. Nf3 Nc6 3. d4 cxd4 4. Nxd4 Nf6 5. Nc3 e5 6. Ndb5 d6 7. Nd5 Nxd5 8.
exd5 Nb8 9. c4 a6 10. Nc3 Be7 11. Be2 O-O 12. O-O Nd7 13. Kh1 f5 14. f4 Bf6 15.
Qc2 exf4 16. Bxf4 Ne5 17. Be3 Bd7 18. Qb3 Qe7 19. Rae1 Rfe8 20. Bd4 Qf8 21. Be3
b6 22. Na4 Bxa4 23. Qxa4 Nxc4 24. Bxc4 b5 25. Bxb5 axb5 26. Qb3 Be5 27. a3 g6
28. Re2 Qf7 29. Rfe1 f4 30. Bg1 Qd7 31. Rd1 1/2-1/2

[Event "2FoglarVeterans_SIM_A"]
[Site "?"]
[Date "2006.??.??"]
[Round "?"]
[White "Buczinski, Henryk"]
[Black "Janos, Jozef"]
[Result "1/2-1/2"]
[WhiteElo "2322"]
[BlackElo "2395"]
[PlyCount "73"]
[EventDate "2006.??.??"]
[EventType "corr"]
[EventRounds "1"]
[SourceDate "2007.05.16"]

1. e4 c5 2. c3 Nf6 3. e5 Nd5 4. d4 cxd4 5. Nf3 e6 6. cxd4 d6 7. Bc4 Nb6 8. Bd3
Nc6 9. O-O Nb4 10. Bg5 Be7 11. Bxe7 Qxe7 12. Nc3 Nxd3 13. Qxd3 O-O 14. Ne4 dxe5
15. dxe5 Bd7 16. Nfg5 f5 17. exf6 gxf6 18. Nf3 Rad8 19. Rfc1 Nd5 20. Ng3 Kh8
21. a3 Qd6 22. b4 Rg8 23. Ra2 a6 24. Rd2 Rc8 25. Re1 Qf4 26. Qd4 Qxd4 27. Nxd4
Rc3 28. f3 Rgc8 29. Ne4 Rc1 30. Rxc1 Rxc1+ 31. Kf2 b6 32. Ne2 Rc7 33. f4 Kg7
34. f5 Kf7 35. g4 Ke7 36. fxe6 Bxe6 37. Kf3 1/2-1/2

[Event "2FoglarVeterans_SIM_A"]
[Site "?"]
[Date "2006.??.??"]
[Round "?"]
[White "Majstr, Jiri"]
[Black "Buczinski, Henryk"]
[Result "0-1"]
[WhiteElo "2356"]
[BlackElo "2322"]
[PlyCount "46"]
[EventDate "2006.??.??"]
[EventType "corr"]
[EventRounds "1"]
[SourceDate "2007.05.16"]
[WhiteTeam "CZE"]
[BlackTeam "POL"]

1. e4 e5 2. Nf3 Nc6 3. d4 exd4 4. Nxd4 Nf6 5. Nxc6 bxc6 6. e5 Qe7 7. Qe2 Nd5 8.
c4 Ba6 9. b3 Qh4 10. a3 Bc5 11. Qf3 Ne7 12. Bb2 Ng6 13. Nd2 O-O 14. Qg3 Qh6 15.
Ne4 Be7 16. Bd3 Bh4 17. Qf3 Rae8 18. Bc1 Nxe5 19. Bxh6 Nxf3+ 20. gxf3 gxh6 21.
O-O-O Bb7 22. c5 f5 23. f4 fxe4 0-1

[Event "2FoglarVeterans_SIM_A"]
[Site "?"]
[Date "2006.??.??"]
[Round "?"]
[White "Buczinski, Henryk"]
[Black "Kuta, Jiri"]
[Result "1/2-1/2"]
[WhiteElo "2322"]
[BlackElo "2330"]
[PlyCount "50"]
[EventDate "2006.??.??"]
[EventType "corr"]
[EventRounds "1"]
[SourceDate "2007.05.16"]

1. e4 c5 2. Nf3 Nc6 3. d4 cxd4 4. Nxd4 Nf6 5. Nc3 e5 6. Ndb5 d6 7. Bg5 a6 8.
Na3 b5 9. Nd5 Be7 10. Bxf6 Bxf6 11. c3 O-O 12. Nc2 Bg5 13. a4 bxa4 14. Rxa4 a5
15. Bc4 Rb8 16. b3 Kh8 17. O-O f5 18. exf5 Bxf5 19. Nce3 Bg6 20. Bd3 Bxd3 21.
Qxd3 Bxe3 22. fxe3 Rxf1+ 23. Qxf1 Rxb3 24. Rc4 Rb5 25. Nc7 Rb6 1/2-1/2

[Event "2FoglarVeterans_SIM_A"]
[Site "?"]
[Date "2006.??.??"]
[Round "?"]
[White "Novak, Vratislav"]
[Black "Buczinski, Henryk"]
[Result "1/2-1/2"]
[WhiteElo "2287"]
[BlackElo "2322"]
[PlyCount "43"]
[EventDate "2006.??.??"]
[EventType "corr"]
[EventRounds "1"]
[SourceDate "2007.05.16"]
[WhiteTeam "CZE"]
[BlackTeam "POL"]

1. e4 c5 2. b3 Nc6 3. Bb2 d6 4. Nf3 e6 5. d4 cxd4 6. Nxd4 Nf6 7. Nxc6 bxc6 8.
e5 dxe5 9. Qxd8+ Kxd8 10. Bxe5 Bc5 11. Be2 Ke7 12. Bf3 Bb7 13. Nd2 Rhd8 14. Rd1
Rd7 15. O-O Rad8 16. Nc4 Bb6 17. Rxd7+ Rxd7 18. Rd1 Ne8 19. Rxd7+ Kxd7 20.
Nxb6+ axb6 21. Bb2 f6 22. Be4 1/2-1/2

[Event "2FoglarVeterans_SIM_A"]
[Site "?"]
[Date "2006.??.??"]
[Round "?"]
[White "Buczinski, Henryk"]
[Black "Strnad, Jiri"]
[Result "1/2-1/2"]
[WhiteElo "2322"]
[BlackElo "2303"]
[PlyCount "84"]
[EventDate "2006.??.??"]
[EventType "corr"]
[EventRounds "1"]
[SourceDate "2007.05.16"]

1. e4 e6 2. d4 d5 3. Nc3 Bb4 4. e5 c5 5. a3 Ba5 6. b4 cxd4 7. Qg4 Kf8 8. Nb5
Bb6 9. Nf3 Nc6 10. Bb2 Nge7 11. Nbxd4 Nxd4 12. Bxd4 h5 13. Qf4 Bxd4 14. Qxd4 h4
15. Bd3 Bd7 16. h3 Rc8 17. O-O a6 18. a4 Qe8 19. Qb6 Bxa4 20. Qxb7 Bb5 21. Nd4
Rb8 22. Qc7 Rc8 23. Qb6 Rb8 24. Qc5 Rc8 25. Bxb5 axb5 26. Qxb5 Qxb5 27. Nxb5
Rh5 28. f4 Nf5 29. c3 Rb8 30. Na7 Ne7 31. Nb5 Nf5 32. Nd6 Nxd6 33. exd6 Rf5 34.
Rf3 Rd8 35. Ra6 Ke8 36. g4 hxg3 37. Kg2 Kd7 38. h4 Rc8 39. Kxg3 g6 40. Rb6 Rc6
41. Rxc6 Kxc6 42. Rf1 Kxd6 1/2-1/2

[Event "2FoglarVeterans_SIM_A"]
[Site "?"]
[Date "2006.??.??"]
[Round "?"]
[White "Skalicky, Frantisek"]
[Black "Buczinski, Henryk"]
[Result "1-0"]
[WhiteElo "2267"]
[BlackElo "2322"]
[PlyCount "89"]
[EventDate "2006.??.??"]
[EventType "corr"]
[EventRounds "1"]
[SourceDate "2007.05.16"]
[WhiteTeam "CZE"]
[BlackTeam "POL"]

1. d4 d5 2. c4 c6 3. Nf3 Nf6 4. Nc3 e6 5. Bg5 Nbd7 6. cxd5 exd5 7. e3 Be7 8.
Qc2 O-O 9. Bd3 Re8 10. O-O Nf8 11. Rfc1 Ng6 12. a3 Ne4 13. Bxe7 Qxe7 14. b4 Bg4
15. Bxe4 dxe4 16. Nd2 Bf5 17. Rab1 Nh4 18. Ne2 a6 19. a4 Qg5 20. Ng3 Qe7 21. b5
axb5 22. axb5 Bd7 23. Ndxe4 cxb5 24. Qc5 Rac8 25. Qxe7 Rxc1+ 26. Rxc1 Rxe7 27.
Nd6 Kf8 28. Ra1 g6 29. e4 Be8 30. d5 h6 31. f4 b4 32. Kf2 b3 33. Ra3 Rd7 34. e5
Rc7 35. Rxb3 Rc2+ 36. Ne2 Nxg2 37. Kxg2 Rxe2+ 38. Kg3 Ra2 39. Rxb7 Ra8 40. Kg4
Rd8 41. f5 Bd7 42. Kf4 gxf5 43. Nxf7 Kxf7 44. Rxd7+ Rxd7 45. e6+ 1-0

[Event "2FoglarVeterans_SIM_A"]
[Site "?"]
[Date "2006.??.??"]
[Round "?"]
[White "Buczinski, Henryk"]
[Black "Vasile, Constantin"]
[Result "1/2-1/2"]
[WhiteElo "2322"]
[BlackElo "2129"]
[PlyCount "66"]
[EventDate "2006.??.??"]
[EventType "corr"]
[EventRounds "1"]
[SourceDate "2007.05.16"]

1. e4 c5 2. Nf3 Nc6 3. d4 cxd4 4. Nxd4 Nf6 5. Nc3 e6 6. Nxc6 bxc6 7. e5 Nd5 8.
Ne4 Qa5+ 9. c3 f5 10. exf6 Nxf6 11. Nxf6+ gxf6 12. Be3 Rb8 13. Qc2 d5 14. Be2
Bd6 15. Bh6 Qc7 16. Rd1 Qf7 17. b4 Qg6 18. Qxg6+ hxg6 19. Bg7 Rxh2 20. Rxh2
Bxh2 21. g3 Kf7 22. Bh6 e5 23. Kd2 a5 24. a3 axb4 25. axb4 c5 26. bxc5 Rb2+ 27.
Ke1 g5 28. Rxd5 Bg1 29. Rd1 e4 30. c6 Rxe2+ 31. Kxe2 Bg4+ 32. Ke1 Bxf2+ 33.
Kxf2 Bxd1 1/2-1/2

[Event "2FoglarVeterans_SIM_A"]
[Site "?"]
[Date "2006.??.??"]
[Round "?"]
[White "Woznica, Miroslaw"]
[Black "Buczinski, Henryk"]
[Result "1/2-1/2"]
[WhiteElo "2330"]
[BlackElo "2322"]
[PlyCount "65"]
[EventDate "2006.??.??"]
[EventType "corr"]
[EventRounds "1"]
[SourceDate "2007.05.16"]
[WhiteTeam "POL"]
[BlackTeam "POL"]

1. e4 c5 2. Nf3 d6 3. d4 cxd4 4. Nxd4 Nf6 5. Nc3 a6 6. Be3 e5 7. Nb3 Be6 8. f3
Be7 9. g4 d5 10. Nxd5 Bxd5 11. exd5 Nxd5 12. Bf2 Nc6 13. Bc4 Nf4 14. Qxd8+ Rxd8
15. Rd1 Ng2+ 16. Ke2 Nf4+ 17. Ke3 b5 18. Bd3 O-O 19. Bg3 Nxd3 20. Rxd3 g6 21.
Rxd8 Rxd8 22. Ke4 f6 23. f4 exf4 24. Bxf4 Re8 25. Kf3 Kf7 26. Re1 h5 27. h3 Rd8
28. gxh5 gxh5 29. c3 Bf8 30. Kf2 Rd3 31. Rh1 f5 32. Ke2 Rd8 33. Rg1 1/2-1/2

[Event "2FoglarVeterans_SIM_A"]
[Site "?"]
[Date "2006.??.??"]
[Round "?"]
[White "Buczinski, Henryk"]
[Black "Christiansen, Tonny"]
[Result "1/2-1/2"]
[WhiteElo "2322"]
[BlackElo "2342"]
[PlyCount "36"]
[EventDate "2006.??.??"]
[EventType "corr"]
[EventRounds "1"]
[SourceDate "2007.05.16"]

1. e4 c5 2. Nf3 d6 3. d4 cxd4 4. Nxd4 Nf6 5. Nc3 a6 6. Be3 e5 7. Nb3 Be6 8. f3
Be7 9. Qd2 O-O 10. O-O-O Nbd7 11. g4 b5 12. g5 b4 13. Ne2 Ne8 14. f4 a5 15. f5
a4 16. fxe6 axb3 17. exf7+ Rxf7 18. cxb3 Rxa2 1/2-1/2

[Event "2FoglarVeterans_SIM_A"]
[Site "?"]
[Date "2006.??.??"]
[Round "?"]
[White "Staniszewski, Jerzy"]
[Black "Buczinski, Henryk"]
[Result "1-0"]
[WhiteElo "2323"]
[BlackElo "2322"]
[PlyCount "142"]
[EventDate "2006.??.??"]
[EventType "corr"]
[EventRounds "1"]
[SourceDate "2007.05.16"]
[WhiteTeam "POL"]
[BlackTeam "POL"]

1. e4 c5 2. Nc3 Nc6 3. Nf3 d6 4. d4 cxd4 5. Nxd4 Nf6 6. Bg5 e6 7. Qd2 a6 8.
O-O-O h6 9. Be3 Be7 10. f4 Nxd4 11. Bxd4 b5 12. Be2 b4 13. Na4 Rb8 14. Qe3 Qc7
15. Kb1 O-O 16. e5 Nd5 17. Qg3 f6 18. Bd3 dxe5 19. fxe5 f5 20. Qf2 Qc6 21. b3
Bb7 22. Rhf1 Rbd8 23. g4 f4 24. h4 f3 25. g5 h5 26. Be4 Qb5 27. Qg1 Nc7 28. Bd3
Qc6 29. Qe3 Nb5 30. Bb2 Kh8 31. Rd2 Qd5 32. Rfd1 Qc6 33. Rf1 Nc3+ 34. Bxc3 bxc3
35. Rdd1 Bb4 36. g6 Be7 37. a3 Qc8 38. Bc4 Rxd1+ 39. Rxd1 f2 40. Rf1 Bxh4 41.
Qh3 Qd8 42. Nc5 Bf3 43. Qh2 Qe7 44. Ka2 Rc8 45. Qf4 Bd5 46. Bxd5 Rf8 47. Qd4
exd5 48. Nd7 Rf5 49. Qxd5 Qe8 50. Qc6 a5 51. a4 Rf4 52. Kb1 Rg4 53. Qf3 Kg8 54.
Qd5+ Kh8 55. e6 Rg5 56. Qh1 Rxg6 57. Qxh4 Rxe6 58. Rxf2 Qxd7 59. Qxh5+ Kg8 60.
Qxa5 Rf6 61. Qa8+ Kf7 62. Rxf6+ gxf6 63. Qf3 Qd4 64. Qf5 Ke7 65. a5 Qd6 66.
Qe4+ Kd7 67. Qd3 Kc6 68. Qxd6+ Kxd6 69. b4 f5 70. a6 Kc7 71. Kc1 Kb6 1-0

[Event "2FoglarVeterans_SIM_A"]
[Site "?"]
[Date "2006.??.??"]
[Round "?"]
[White "Buczinski, Henryk"]
[Black "Kriksciunas, Bronislavas"]
[Result "1-0"]
[WhiteElo "2322"]
[BlackElo "2307"]
[PlyCount "63"]
[EventDate "2006.??.??"]
[EventType "corr"]
[EventRounds "1"]
[SourceDate "2007.05.16"]

1. e4 c5 2. Nf3 d6 3. d4 cxd4 4. Nxd4 Nf6 5. Nc3 Nc6 6. Bg5 e6 7. Qd2 a6 8.
O-O-O h6 9. Be3 Qc7 10. f4 Bd7 11. Kb1 b5 12. Bd3 Na5 13. Qe1 b4 14. Nce2 Nc4
15. Bc1 a5 16. Qg3 a4 17. e5 dxe5 18. fxe5 Nd5 19. Nf4 Ra5 20. Rhf1 Nxe5 21.
Nxd5 Rxd5 22. Be4 Rc5 23. Bf4 g5 24. Bxe5 Qxe5 25. Qf3 Qf4 26. Qd3 Qd6 27. Bg6
Kd8 28. Bxf7 Rd5 29. Bxe6 Bxe6 30. Nxe6+ Qxe6 31. Qxd5+ Qxd5 32. Rxd5+ 1-0